00379nam a2200121Ia 4500100001900000942000700019654001500026245004900041260004000090546001200130999001700142952009800159 aPeatfield/A.E  cBK aMechanical aTeach Yourself Mechanical engineering Vol I bEnglish language book societyc2001 aENGLISH c29906d29906 001040708AFTaCRCEbCRCEd2023-03-17g3.00l0o pAFT507r2023-03-17v3.00w2023-03-17yBK